[Event "Montigny le Bretonneux op 21st"]
[Site "Montigny le Bretonneux"]
[Date "2023.10.25"]
[Round "5"]
[White "Martin Breteau, Paul"]
[Black "Lefol, Marius"]
[Result "1-0"]
[WhiteElo "1556"]
[BlackElo "1717"]
[PlyCount "73"]
[EventDate "2023.10.21"]
[EventType "swiss"]
[EventRounds "7"]
[EventCountry "FRA"]
[SourceTitle "CBM 216 Extra"]
[Source "ChessBase"]
[SourceDate "2023.11.30"]
[SourceVersion "1"]
[SourceVersionDate "2023.11.30"]
[SourceQuality "1"]

1. e4 e6 2. d4 d5 3. e5 c5 4. c3 Nc6 5. Nf3 Bd7 6. Be2 Nge7 7. Na3 cxd4 8. cxd4 Nf5 9. Nc2 Nb4 10. 0-0 Nxc2 11. Qxc2 Qb6 12. Rd1 Rc8 13. Qb3 Qxb3 14. axb3 a6 15. Bd3 Ne7 16. Bd2 Nc6 17. Rdc1 Be7 18. h4 0-0 19. Bc3 Ra8 20. g3 Rfc8 21. h5 h6 22. Kg2 Bd8 23. g4 b5 24. Bd2 Bb6 25. Be3 Ra7 26. g5 hxg5 27. h6 gxh6 28. Rh1 Nb4 29. Rxh6 Nxd3 30. Rah1 Bd8 31. Nxg5 Bc6 32. Rh8+ Kg7 33. Nxe6+ fxe6 34. R1h7+ Kg6 35. Rxa7 Nb4 36. Rh6+ Kf5 37. Kf3 1-0

[Event "Montigny le Bretonneux op 21st"]
[Site "Montigny le Bretonneux"]
[Date "2023.10.23"]
[Round "3"]
[White "Martin Breteau, Paul"]
[Black "Selores Granjo, Gilberto"]
[Result "1-0"]
[WhiteElo "1556"]
[BlackElo "1405"]
[PlyCount "87"]
[EventDate "2023.10.21"]
[EventType "swiss"]
[EventRounds "7"]
[EventCountry "FRA"]
[SourceTitle "CBM 216 Extra"]
[Source "ChessBase"]
[SourceDate "2023.11.30"]
[SourceVersion "1"]
[SourceVersionDate "2023.11.30"]
[SourceQuality "1"]

1. e4 c5 2. Nc3 a6 3. Nf3 d6 4. g3 Nf6 5. Bg2 e5 6. d3 Be7 7. Bg5 h6 8. Bxf6 Bxf6 9. Nd5 Be6 10. Nxf6+ Qxf6 11. h3 Nc6 12. c3 0-0 13. 0-0 Rab8 14. a4 b5 15. axb5 axb5 16. Ra6 Rfc8 17. Qc2 Qd8 18. Rfa1 Ra8 19. Qd1 Na5 20. R1xa5 Rxa6 21. Rxa6 Rc7 22. Qa1 Bc8 23. Ra7 Rc6 24. Qa5 Qe8 25. Qxb5 Bd7 26. Qb7 Bc8 27. Qe7 Qxe7 28. Rxe7 Be6 29. Re8+ Kh7 30. Rb8 Ra6 31. b4 Ra3 32. bxc5 Rxc3 33. cxd6 Rxd3 34. Rb6 f6 35. Nh4 h5 36. Nf5 g6 37. Ne3 Kh6 38. Nd5 f5 39. Rb7 fxe4 40. Nf6 e3 41. Rh7+ Kg5 42. Ne4+ Kf5 43. fxe3 Bd5 44. Nf2 1-0

[Event "Montigny le Bretonneux op 25th"]
[Site "Montigny le Bretonneux"]
[Date "2023.05.21"]
[Round "7"]
[White "Kissian, Pascal"]
[Black "Martin Breteau, Paul"]
[Result "0-1"]
[WhiteElo "1523"]
[BlackElo "1506"]
[PlyCount "56"]
[EventDate "2023.05.18"]
[EventType "swiss"]
[EventRounds "9"]
[EventCountry "FRA"]
[SourceTitle "CBM 214 Extra"]
[Source "ChessBase"]
[SourceDate "2023.07.31"]
[SourceVersion "1"]
[SourceVersionDate "2023.07.31"]
[SourceQuality "1"]

1. d4 d5 2. Bg5 Nf6 3. Nf3 Ne4 4. Bf4 Nc6 5. e3 e6 6. c3 Bd6 7. Bg3 h5 8. Bxd6 Qxd6 9. Bd3 e5 10. dxe5 Nxe5 11. Bxe4 dxe4 12. Qa4+ Kf8 13. Nxe5 Qxe5 14. Nd2 Bf5 15. 0-0-0 b5 16. Qa6 Kg8 17. Nb3 Kh7 18. Qc6 Rhd8 19. Rd4 Rab8 20. h3 Rb6 21. Qc5 Qxc5 22. Nxc5 Rxd4 23. exd4 h4 24. Re1 Rg6 25. Rg1 Bxh3 26. Nxe4 Bxg2 27. Nc5 h3 28. Nd3 h2 0-1

[Event "Montigny le Bretonneux op 25th"]
[Site "Montigny le Bretonneux"]
[Date "2023.05.18"]
[Round "2"]
[White "Martin Breteau, Paul"]
[Black "Cogez, Celine"]
[Result "1-0"]
[WhiteElo "1506"]
[BlackElo "1505"]
[PlyCount "69"]
[EventDate "2023.05.18"]
[EventType "swiss"]
[EventRounds "9"]
[EventCountry "FRA"]
[SourceTitle "CBM 214 Extra"]
[Source "ChessBase"]
[SourceDate "2023.07.31"]
[SourceVersion "1"]
[SourceVersionDate "2023.07.31"]
[SourceQuality "1"]

1. e4 c6 2. Nc3 d5 3. Nf3 Bg4 4. h3 Bxf3 5. Qxf3 e6 6. exd5 cxd5 7. d4 Nf6 8. Bd3 Nc6 9. Ne2 Bd6 10. c3 h6 11. 0-0 0-0 12. Re1 Re8 13. Bf4 e5 14. dxe5 Nxe5 15. Bxe5 Bxe5 16. Ng3 Bxg3 17. fxg3 Qb6+ 18. Qf2 Qxf2+ 19. Kxf2 Ne4+ 20. Bxe4 dxe4 21. Rad1 f5 22. Rd7 Rad8 23. Red1 Rb8 24. c4 Kf8 25. R1d5 g6 26. R5d6 Re7 27. Rxe7 Kxe7 28. Rxg6 Rd8 29. Ke3 Rd3+ 30. Ke2 Kf7 31. Rxh6 Rxg3 32. Kf2 f4 33. Rh4 e3+ 34. Kf1 e2+ 35. Ke1 1-0

[Event "Montigny le Bretonneux op 25th"]
[Site "Montigny le Bretonneux"]
[Date "2023.05.18"]
[Round "1"]
[White "Nosperger, Theo"]
[Black "Martin Breteau, Paul"]
[Result "1/2-1/2"]
[WhiteElo "1199"]
[BlackElo "1506"]
[PlyCount "85"]
[EventDate "2023.05.18"]
[EventType "swiss"]
[EventRounds "9"]
[EventCountry "FRA"]
[SourceTitle "CBM 214 Extra"]
[Source "ChessBase"]
[SourceDate "2023.07.31"]
[SourceVersion "1"]
[SourceVersionDate "2023.07.31"]
[SourceQuality "1"]

1. e4 c5 2. Nf3 d6 3. Bc4 Nf6 4. d3 e6 5. Nc3 a6 6. a3 b5 7. Ba2 Nc6 8. Be3 Bb7 9. 0-0 Be7 10. Ne2 0-0 11. Ng3 Rc8 12. c3 Ng4 13. Bd2 Nge5 14. Nxe5 Nxe5 15. Be3 c4 16. d4 Nd3 17. Qd2 Bh4 18. f3 d5 19. Bb1 Bxg3 20. hxg3 dxe4 21. Bxd3 exd3 22. Rab1 Bd5 23. Bf4 a5 24. Rfe1 a4 25. Re5 f6 26. Ree1 Qe8 27. Bd6 Rf7 28. f4 Rd7 29. Bb4 Qg6 30. Re3 Re8 31. Rbe1 f5 32. Kf2 Rf7 33. Bd6 Be4 34. Rh1 Rd7 35. Be5 Kf7 36. Rh3 Rh8 37. Re1 Rdd8 38. Reh1 h6 39. R1h2 Rh7 40. Qe1 Rdh8 41. Qh1 h5 42. Rh4 Ke7 43. R2h3 1/2-1/2

[Event "Montigny le Bretonneux op 20th"]
[Site "Montigny le Bretonneux"]
[Date "2022.10.28"]
[Round "7"]
[White "Kunne, Ronald"]
[Black "Martin Breteau, Paul"]
[Result "1/2-1/2"]
[WhiteElo "1533"]
[BlackElo "1329"]
[PlyCount "70"]
[EventDate "2022.10.22"]
[EventType "swiss"]
[EventRounds "9"]
[EventCountry "FRA"]
[SourceTitle "EXT 2024"]
[Source "ChessBase"]
[SourceDate "2023.10.10"]
[SourceVersion "1"]
[SourceVersionDate "2023.10.10"]
[SourceQuality "1"]

1. e4 c5 2. Nf3 d6 3. d4 cxd4 4. Qxd4 Nc6 5. Bb5 Bd7 6. Qd3 Nf6 7. c4 a6 8. Bxc6 Bxc6 9. Nc3 e6 10. 0-0 Be7 11. b3 0-0 12. Rd1 b5 13. cxb5 axb5 14. Nd4 Qb6 15. Ndxb5 Ng4 16. Qe2 Bf6 17. Qxg4 Bxb5 18. Be3 Qa5 19. Rac1 Rac8 20. Nxb5 Qxb5 21. Rxd6 Qb4 22. Rdd1 Qa3 23. Qe2 Rfd8 24. Rxd8+ Rxd8 25. Qc2 Qd6 26. g3 h5 27. a4 h4 28. Kg2 Qe5 29. g4 g5 30. h3 Be7 31. Qc4 Bd6 32. Kf3 Qh2 33. Qf1 Qe5 34. Qc4 Qh2 35. Qf1 Qe5 1/2-1/2